The noble scholar, jurist, historian


 His Excellency Dr. Abdul Wahhab bin Ibrahim Abu Sulaiman, may Allah have mercy on him.


 He was born in Umm Al-Qura in the year 1356 AH.

أحكام المرضى / (Record no. 1870)

MARC details
000 -LEADER
fixed length control field 01864cam a22003731i 4500
003 - CONTROL NUMBER IDENTIFIER
control field SA-RiAUC
005 - DATE AND TIME OF LATEST TRANSACTION
control field 20241029084227.0
008 - FIXED-LENGTH DATA ELEMENTS--GENERAL INFORMATION
fixed length control field 241028s1997 ku g b f00100 ara c
040 ## - CATALOGING SOURCE
Original cataloging agency SA-RiAUC
Language of cataloging ara
Transcribing agency SA-RiAUC
Description conventions rda
050 #4 - LIBRARY OF CONGRESS CALL NUMBER
Item number I28 1997
050 #4 - LIBRARY OF CONGRESS CALL NUMBER
Item number I26 1997
082 04 - DEWEY DECIMAL CLASSIFICATION NUMBER
Classification number 253.16
Assigning agency SA-RiAUC
090 ## - LOCALLY ASSIGNED LC-TYPE CALL NUMBER (OCLC); LOCAL CALL NUMBER (RLIN)
Classification number (OCLC) (R) ; Classification number, CALL (RLIN) (NR) 253.16
Local cutter number (OCLC) ; Book number/undivided call number, CALL (RLIN) ا ب ن ت
100 1# - MAIN ENTRY--PERSONAL NAME
Personal name ابن تاج الدين الحنفي، أحمد بن إبراهيم بن خليل،
Dates associated with a name 1007-1060 هجري
Relator term مؤلف.
245 10 - TITLE STATEMENT
Title أحكام المرضى /
Statement of responsibility, etc. أحمد بن إبراهيم بن خليل بن تاج الدين الحنفي الدمشقي التاجي ؛ حققه محمد سرور محمد مراد البلخي ؛ راجعه أحمد الحجي الكردي.
250 ## - EDITION STATEMENT
Edition statement الطبعة الأولى.
264 #1 - PRODUCTION, PUBLICATION, DISTRIBUTION, MANUFACTURE, AND COPYRIGHT NOTICE
Place of production, publication, distribution, manufacture الكويت :
Name of producer, publisher, distributor, manufacturer وزارة الأوقاف والشؤون الإسلامية،
Date of production, publication, distribution, manufacture, or copyright notice 1997
300 ## - PHYSICAL DESCRIPTION
Extent 416 صفحة ؛
Dimensions 24 سم
336 ## - CONTENT TYPE
Content type term نص
Content type code txt
Source rdacontent
Materials specified كتاب
337 ## - MEDIA TYPE
Media type term بدون وسيط
Media type code n
Source rdamedia
338 ## - CARRIER TYPE
Carrier type term مجلد
Carrier type code nc
Source rdacarrier
500 ## - GENERAL NOTE
General note يشتمل على كشافات.
500 ## - GENERAL NOTE
General note كشافات : صفحة 395-411.
504 ## - BIBLIOGRAPHY, ETC. NOTE
Bibliography, etc. note يشتمل على إرجاعات ببليوجرافية.
650 #7 - SUBJECT ADDED ENTRY--TOPICAL TERM
Topical term or geographic name entry element المرضى (فقه إسلامي)
Source of heading or term aucsh
650 #7 - SUBJECT ADDED ENTRY--TOPICAL TERM
Topical term or geographic name entry element الفقه الإسلامي
Source of heading or term aucsh
650 #7 - SUBJECT ADDED ENTRY--TOPICAL TERM
Topical term or geographic name entry element الأمراض (فقه إسلامي)
Source of heading or term aucsh
650 #7 - SUBJECT ADDED ENTRY--TOPICAL TERM
Topical term or geographic name entry element الأحكام الشرعية
Source of heading or term aucsh
700 12 - ADDED ENTRY--PERSONAL NAME
Relationship information تحقيق لـ (عمل) :
Personal name ابن تاج الدين الحنفي، أحمد بن إبراهيم بن خليل،
Dates associated with a name توفي 1060 هجري.
Title of a work أحكام المرضى
700 1# - ADDED ENTRY--PERSONAL NAME
Personal name البلخي، محمد سرور محمد مراد
Relator term محقق.
700 1# - ADDED ENTRY--PERSONAL NAME
Personal name الكردي، أحمد الحجي،
Dates associated with a name 1938-
Relator term مراجع.
942 ## - ADDED ENTRY ELEMENTS (KOHA)
Source of classification or shelving scheme Dewey Decimal Classification
Koha item type Books
Suppress in OPAC No
949 ## - LOCAL PROCESSING INFORMATION (OCLC)
a SA-JeALM
d 241028
u mohamedma123
n 1
Holdings
Withdrawn status Lost status Source of classification or shelving scheme Damaged status Not for loan Home library Current library Date acquired Total checkouts Full call number Barcode Date last seen Price effective from Koha item type
    Dewey Decimal Classification     DR AbdElwahab Library DR AbdElwahab Library 10/29/2024   253.16 ا ب ن ت 000002729 10/29/2024 10/29/2024 Books
    Dewey Decimal Classification     DR AbdElwahab Library DR AbdElwahab Library 10/29/2024   253.16 ا ب ن ت 000002730 10/29/2024 10/29/2024 Books
    Dewey Decimal Classification     DR AbdElwahab Library DR AbdElwahab Library 12/30/2024   253.16 ا ب ن ت 000006978 12/30/2024 12/30/2024 Books